01131cam a2200265 a 450000100100000000500170001000800410002702000150006804000350008308200190011810000310013724501900016826000540035830000280041250400330044065000340047365000670050765000260057470000260060071000590062691000340068504900090071995201220072899900150085000000167820200929145646.0760429s1975 wauaf bc 001 0 eng  a0295954213 aDO-SdBNPbspacDLCdDLCdBNPHU a731.463bD855i1 aDuff, Wilson,d1925-9545710aImages, stone, B.C. :bthirty centuries of Northwest coast Indian sculpture : an exhibition originating at the Art Gallery of Greater Victoria, Richard Simmins, director /cWilson Duff. aToronto :bUniversity of Washington Press,c1975. a191 p. :bil. ;c22 cm. aBibliografía : p. 189-191. 4aEsculturaxExposiciones95458 4aEsculturaxIndígenazAmérica Del NortexExposiciones95459 4aTalla en piedra954601 aStewart, Hilary954611 aVictoria, B.C.bArt Gallery of Greater Victoria.95462 aCatalogación por copia / LC aBNGR 001052708MOaGRbGRcHDd2009-09-22iLF1l0o731.463 D855ip1678-10r2020-06-25w2020-06-25y2ZPréstamo interno c1559d1559